Eliminierung nach Kategorie - Europäische Länder - Statistiken

Allgemein
  • Dieses Quiz wurde 16.940 mal gespielt
  • Das Durchschnittsergebnis liegt bei 7 aus 16
Antwortstatistiken
Gruppe # Kategorie % Korrekt
Grün 30 Länder, die nicht Binnenländer sind
97%
Grün 17 ... die mindestens vier Grenzen haben
95%
Gelb 30 Länder mit einer Bevölkerung von weniger als 10 Millionen
68%
Gelb 21 ... ohne Territorium auf dem Balkan
62%
Grün 6 ... deren Hauptstadt mindestens sieben Buchstaben lang ist
60%
Blau 36 Länder, die mit einem Konsonanten beginnen
59%
Blau 15 ... die nicht in der EU sind
55%
Rosa 29 Länder, die vor dem Zusammenbruch der UdSSR unabhängig waren
46%
Gelb 6 ... die flächenmäßig größer sind als die Tschechische Republik
44%
Rosa 9 ... die vollständig östlich von Rom liegen
38%
Blau 5 ... mit einer maximalen Höhe von unter 2.000 Metern
29%
Rosa 3 ... deren Name 6 oder weniger Buchstaben lang ist
26%
Gelb 1 ... das mit einem Buchstaben vor H beginnt Finnland
17%
Rosa 1 ... mit Grün auf seiner Flagge Ungarn
14%
Grün 1 ... und deren Name nicht auf N endet Montenegro
13%
Blau 1 ... deren Hauptstadt 5 oder weniger Buchstaben lang ist Belarus
10%
Keine übereinstimmenden Quizze gefunden
Verteilung der Resultate
Anzahl Personen mit jedem Resultat
Perzentil nach korrekt beantworteten Fragen
Ihre Resultats-Entwicklung
Sie haben dieses Quiz noch nicht gespielt